000 00629nam a2200217Ia 4500
008 220216s9999 xx 000 0 und d
100 _aIsmagilov R M
245 0 _aTall pitch modified rosin- a new plasticising additive in the production of tyres and mechanical rubber goods
260 _bInternational Polymer Science and Technology
_c2004
300 _a25-28
650 _aPlasticising additive
650 _aRubber goods
650 _aTyre
700 _aNesterova L A
700 _aRadbil A B
700 _aRadbil B A
700 _aSukhinin N S
700 _aSukhinina T A
700 _aYugov V V
942 _cJS
999 _c70204
_d70204